Crónica de atolondrados navegantes / (Record no. 121438)

MARC details
000 -LEADER
campo de control de longitud fija 00635nam a2200193 4500
001 - NÚMERO DE CONTROL
campo de control 121438
003 - IDENTIFICADOR DE NÚMERO DE CONTROL
campo de control ES-MaACL
005 - FECHA Y HORA DE LA ÚLTIMA TRANSACCIÓN
campo de control 20240430132831.0
007 - CAMPO FIJO DE DESCRIPCIÓN FÍSICA--INFORMACIÓN GENERAL
campo de control de longitud fija t|
008 - DATOS DE LONGITUD FIJA--INFORMACIÓN GENERAL
campo de control de longitud fija 070214s1973 sp r ||||1| spa d
100 1# - ENTRADA PRINCIPAL--NOMBRE DE PERSONA
Nombre de persona Porcel, Baltasar.
9 (RLIN) 93114
245 10 - MENCIÓN DEL TÍTULO
Título Crónica de atolondrados navegantes /
Mención de responsabilidad, etc. Baltasar Porcel ; prólogo de Pere Gimferrer ; epílogo de Pedro Laín Entralgo.
260 ## - PUBLICACIÓN, DISTRIBUCIÓN, ETC.
Lugar de publicación, distribución, etc. Barcelona :
Nombre del editor, distribuidor, etc. Península,
Fecha de publicación, distribución, etc. 1973.
300 ## - DESCRIPCIÓN FÍSICA
Extensión 189 p. ;
Dimensiones 19 cm.
700 0# - ENTRADA AGREGADA--NOMBRE PERSONAL
Nombre de persona Gimferrer, Pere,
Fechas asociadas al nombre 1945-
9 (RLIN) 57102
700 1# - ENTRADA AGREGADA--NOMBRE PERSONAL
Nombre de persona Laín Entralgo, Pedro,
Fechas asociadas al nombre 1908-2001
9 (RLIN) 69681
852 ## - LOCALIZACIÓN
Ubicación ES-MaACL
Número de control de estantería C-53057
Sublocalización o colección R.85594
Holdings
Estatus retirado Estado de pérdida Estado de daño No para préstamo Biblioteca de origen Biblioteca actual Ubicación en estantería Fecha de adquisición Fuente de adquisición Total de préstamos Signatura topográfica completa Código de barras Visto por última vez Precio de reemplazo Tipo de ítem Koha
        Biblioteca del Ateneo de Madrid Biblioteca del Ateneo de Madrid Depósito 2 17/01/2008     C-53057 1126559 23/02/2023 23/02/2023 Libro impreso